000 00582nam a2200229Ia 4500
003 OSt
005 20221005120457.0
006 a|||||r|||| 00| 0
007 ta
008 221004b |||||||| |||| 00| 0 tam d
024 _a52273
037 _cTextual
040 _aCRL
_cCRL
_btam
041 _2tam
_atam
082 _aV4498:51.N9, 31P3
100 _aPushparajah
_9629205
245 0 _aEela porattathil enathu saatchiyam
260 _c2003
650 _aHISTORY
942 _hV4498:51.N9, 31P3
_cTEXL
_2cc
999 _c1038186
_d1038186